000 00475 a2200157 4500
020 _a9780545221658
020 _a054522165X
041 _aspa
100 _aAndrede, Giles
245 _aLas jirafas no pueden bailar / por Giles Andreae ; ilustrado por Guy Parker-Rees.
260 _a New York : Scholastic Inc., [2010] c2010
300 _a1 volume (unpaged) : color illustrations ;
_c28 cm
500 _aGiraffes can't dance.
700 _aParker-Rees, Guy
942 _cBK
999 _c4226
_d4226